| 000 | 00715nam a2200205Ia 4500 | ||
|---|---|---|---|
| 001 | 2688 | ||
| 003 | GE_BSU | ||
| 008 | 181216s||||||||xx |||||||||||||| ||und|| | ||
| 020 | _a978994409470 | ||
| 040 | _cGE_BSU | ||
| 080 | _a81.25 | ||
| 100 | _aსელესკოვიჩი, დანიცა; ლედერერი, მარინა; | ||
| 245 | _aთარგმნისხელოვნება და სწავლების მეთოდი | ||
| 260 | _aთბილისი | ||
| 260 | _c2008 | ||
| 300 | _a392 გვ. | ||
| 541 | _h15 ლ. | ||
| 653 | _aთარგმნის ხელოვნება და სწავლების მეთოდი | ||
| 942 | _cBK | ||
| 999 |
_c36750 _d36750 |
||